[Event "1991 Armed Forces Ch"]
[Site "?"]
[Date "1991.??.??"]
[Round "7"]
[White "Hughes, A."]
[Black "Smithwick, J."]
[Result "0-1"]
[WhiteElo "2085"]
[BlackElo "2170"]
[PlyCount "78"]
[EventDate "1991.??.??"]

1. e4 e6 2. d4 d5 3. Nc3 Bb4 4. a3 Bxc3+ 5. bxc3 dxe4 6. Qg4 Nf6 7. Qxg7 Rg8 8.
Qh6 Nbd7 9. Bb2 a6 10. c4 b6 11. O-O-O Bb7 12. h3 Qe7 13. Ne2 O-O-O 14. Kb1 Kb8
15. Qe3 Ka7 16. Rg1 Ne5 17. Ng3 Ned7 18. Be2 c5 19. Rge1 cxd4 20. Bxd4 Nc5 21.
Bxc5 bxc5 22. Bf1 Bc6 23. Ka2 Rb8 24. Rb1 Rxb1 25. Rxb1 Qd6 26. c3 h5 27. Ne2
Nd7 28. Nc1 f5 29. g3 e5 30. Ne2 Nb6 31. Nc1 f4 32. gxf4 exf4 33. Qe2 Nxc4 34.
Nb3 Bd5 35. Rd1 f3 36. Qxc4 Bxc4 37. Rxd6 Bxf1 38. Nxc5 e3 39. Nxa6 Bxa6 0-1

[Event "1990 Armed Forces ch"]
[Site "?"]
[Date "1990.??.??"]
[Round "10"]
[White "Highley, E."]
[Black "Balares, J."]
[Result "0-1"]
[WhiteElo "1755"]
[BlackElo "2155"]
[PlyCount "78"]
[EventDate "1990.??.??"]

1. e4 d6 2. d4 Nf6 3. Nc3 g6 4. Nf3 Bg7 5. Be2 O-O 6. O-O c6 7. h3 Nbd7 8. Re1
Qc7 9. Bf1 e5 10. dxe5 dxe5 11. Be3 b6 12. Bd3 Bb7 13. Qe2 Rad8 14. a4 a5 15.
Rad1 Rfe8 16. Bc4 h6 17. Rd2 Nf8 18. Red1 Rxd2 19. Rxd2 Bc8 20. Qd1 Be6 21. Be2
N6d7 22. Nh2 Kh7 23. Bg4 Re7 24. Bxe6 Nxe6 25. Ne2 Ndc5 26. f3 Nxa4 27. c3 Nac5
28. b4 Nd7 29. Ng4 f5 30. exf5 gxf5 31. Nf2 f4 32. Bxb6 Nxb6 33. bxa5 Nc4 34.
Rd3 Qxa5 35. Qc2 Kh8 36. Ne4 Qb6+ 37. Kh2 Ra7 38. Nd6 Ne3 39. Qd2 Nf1+ 0-1

[Event "Air Force ch"]
[Site "?"]
[Date "1988.??.??"]
[Round "7"]
[White "Echaure, S."]
[Black "Tate, E."]
[Result "0-1"]
[WhiteElo "2075"]
[BlackElo "2400"]
[PlyCount "78"]
[EventDate "1988.??.??"]

1. c4 Nf6 2. Nf3 c6 3. g3 d5 4. b3 Bg4 5. Bg2 dxc4 6. bxc4 Bxf3 7. Bxf3 Qd4 8.
Nc3 Qxc4 9. Bb2 e5 10. d3 Qe6 11. O-O h5 12. Qb3 Qxb3 13. axb3 Nbd7 14. Ne4
Nxe4 15. Bxe4 Bd6 16. d4 O-O 17. Bf3 exd4 18. Bxd4 Be5 19. Rfd1 Bxd4 20. Rxd4
Nf6 21. Rda4 a6 22. Ra5 Rfe8 23. b4 Rad8 24. R1a2 Rd1+ 25. Kg2 Rb1 26. R2a4 Rd8
27. Re5 Rd4 28. Raa5 Rdxb4 29. Rac5 Rb5 30. Rxb5 Rxb5 31. Re7 a5 32. Rc7 Kf8
33. e3 Nd5 34. Rc8+ Ke7 35. Ra8 Nc7 36. Rc8 Kd7 37. Rf8 Ke7 38. Rb8 a4 39. Be2
a3 0-1

[Event "Air Force ch"]
[Site "?"]
[Date "1987.??.??"]
[Round "7"]
[White "Cotreau, K."]
[Black "Echaure, S."]
[Result "1-0"]
[WhiteElo "2155"]
[BlackElo "2110"]
[PlyCount "77"]
[EventDate "1987.??.??"]

1. d4 Nf6 2. c4 d6 3. Nc3 g6 4. e4 Bg7 5. f3 Nbd7 6. Be3 c6 7. Qd2 e5 8. d5 c5
9. Nge2 a6 10. Nc1 O-O 11. Be2 Nh5 12. Nd3 f5 13. exf5 gxf5 14. g4 fxg4 15.
fxg4 Nf4 16. O-O-O Nxe2+ 17. Qxe2 b5 18. Ne4 bxc4 19. Ndf2 Qb6 20. Rdf1 Rb8 21.
Nd1 Nf6 22. Nxf6+ Rxf6 23. Rxf6 Bxf6 24. Rf1 Bg7 25. Qxc4 Bd7 26. Rf2 Qb5 27.
Qe4 Qa5 28. Nc3 Be8 29. h4 Bg6 30. Qc4 Rb4 31. Qe2 c4 32. h5 Bf7 33. Qf3 Qc7
34. g5 Rb7 35. h6 Bh8 36. g6 hxg6 37. Bg5 Qb8 38. Bf6 Qf8 39. h7+ 1-0

[Event "1990 Armed Forces ch"]
[Site "?"]
[Date "1990.??.??"]
[Round "12"]
[White "Beszczynski, T."]
[Black "Balares, J."]
[Result "0-1"]
[WhiteElo "1910"]
[BlackElo "2155"]
[PlyCount "78"]
[EventDate "1990.??.??"]

1. d4 Nf6 2. c4 g6 3. Nc3 Bg7 4. e4 d6 5. Be2 O-O 6. Bg5 Na6 7. Nf3 c5 8. O-O
cxd4 9. Nxd4 Nc5 10. f3 Qb6 11. Be3 Qxb2 12. Ndb5 Qb4 13. Rb1 Qa5 14. e5 Nfd7
15. exd6 Bxc3 16. Nc7 exd6 17. Nxa8 Re8 18. Qc1 Bg7 19. Rb5 Qd8 20. Re1 b6 21.
Rb1 Bb7 22. Nxb6 axb6 23. Bf1 Qa8 24. Qd2 Re6 25. Bxc5 Nxc5 26. Rxe6 Nxe6 27.
Be2 Bd4+ 28. Kf1 Qd8 29. Qe1 Qg5 30. Rb3 Nc5 31. Ra3 h5 32. Bd1 Kg7 33. Ra7 h4
34. Qe2 Qf4 35. g3 hxg3 36. hxg3 Qxg3 37. Qg2 Qf4 38. Qe2 Qh4 39. Qg2 Nd3 0-1

[Event "1991 Armed Forces Ch"]
[Site "?"]
[Date "1991.??.??"]
[Round "3"]
[White "Waldowski, P."]
[Black "McQueen, R."]
[Result "1-0"]
[WhiteElo "2180"]
[BlackElo "1875"]
[PlyCount "79"]
[EventDate "1991.??.??"]

1. e4 e5 2. Nf3 Nc6 3. d4 exd4 4. Nxd4 Nf6 5. Nxc6 bxc6 6. Bd3 d5 7. e5 Nd7 8.
O-O Nc5 9. Be2 Be7 10. Nd2 O-O 11. Nf3 f6 12. b4 Ne6 13. Bb2 Nf4 14. exf6 Bxf6
15. Nd4 Nxe2+ 16. Qxe2 Qd6 17. Qd2 Be5 18. h3 Bd7 19. a4 Rf6 20. Ra3 Raf8 21.
Rb3 Rg6 22. Re1 Bh2+ 23. Kh1 Bf4 24. Qd3 Rg5 25. Nf3 Bf5 26. Qc3 Rxg2 27. Kxg2
Qg6+ 28. Kh1 Qh6 29. Ng1 Bd2 30. Qxg7+ Qxg7 31. Bxg7 Kxg7 32. Re7+ Rf7 33. Rg3+
Kf8 34. Rxf7+ Kxf7 35. c3 Be4+ 36. f3 Bc2 37. Rg2 Bxc3 38. Rxc2 Bxb4 39. Rxc6
Bd6 40. Ne2 1-0

[Event "1991 Armed Forces Ch"]
[Site "?"]
[Date "1991.??.??"]
[Round "11"]
[White "Waldowski, P."]
[Black "Hughes, A."]
[Result "1-0"]
[WhiteElo "2180"]
[BlackElo "2085"]
[PlyCount "79"]
[EventDate "1991.??.??"]

1. c3 d5 2. Nf3 Nf6 3. d4 g6 4. Bf4 Bg7 5. h3 Nbd7 6. Nbd2 c5 7. e3 b6 8. Bd3
Bb7 9. O-O O-O 10. Qe2 Ne4 11. Rad1 Qc8 12. Rc1 f6 13. Bb5 a6 14. Bxd7 Qxd7 15.
c4 e6 16. Rfd1 Qe8 17. Nf1 e5 18. Bh2 Qe6 19. b3 Rfd8 20. Qb2 Re8 21. cxd5 Bxd5
22. dxe5 fxe5 23. Qe2 a5 24. N1d2 Nxd2 25. Rxd2 e4 26. Ng5 Qf5 27. h4 Be5 28.
Bxe5 Qxe5 29. Rcd1 Red8 30. Nh3 Rd6 31. Nf4 Rad8 32. Rxd5 Rxd5 33. Rxd5 Rxd5
34. Qc4 b5 35. Qxd5+ Qxd5 36. Nxd5 c4 37. bxc4 bxc4 38. Nf6+ Kf7 39. Nxe4 Ke6
40. Kf1 1-0

[Event "Air Force ch"]
[Site "?"]
[Date "1992.??.??"]
[Round "2"]
[White "Waldowski, P."]
[Black "Echaure, S."]
[Result "0-1"]
[WhiteElo "2135"]
[BlackElo "2075"]
[PlyCount "80"]
[EventDate "1992.??.??"]

1. c4 Nf6 2. Nc3 g6 3. e4 d6 4. d4 Bg7 5. Nf3 O-O 6. Bd3 Nc6 7. d5 Nb4 8. Bb1
c5 9. dxc6 Nxc6 10. O-O Bg4 11. h3 Bxf3 12. Qxf3 Rc8 13. b3 a6 14. Bb2 Nd7 15.
Qg3 Nd4 16. Kh1 b5 17. Bd3 Nc5 18. cxb5 Nxb5 19. Nd1 Qa5 20. Bxg7 Kxg7 21. Bxb5
axb5 22. Qe3 Qb4 23. Nc3 e6 24. Rfd1 Nxb3 25. axb3 Rxc3 26. Rd3 Rfc8 27. Ra7 e5
28. Qd2 Qxb3 29. Rxd6 Rc2 30. Qg5 Rxf2 31. Qxe5+ Kg8 32. Qd4 Qg3 33. Rd8+ Rxd8
34. Qxd8+ Kg7 35. Rxf7+ Rxf7 36. Qd4+ Kh6 37. Kg1 Qf4 38. Qd5 Rc7 39. g4 Rc1+
40. Kg2 Rc2+ 0-1

[Event "1991 Armed Forces Ch"]
[Site "?"]
[Date "1991.??.??"]
[Round "9"]
[White "Murillo, M."]
[Black "Lankey, B."]
[Result "1-0"]
[WhiteElo "2205"]
[BlackElo "2185"]
[PlyCount "79"]
[EventDate "1991.??.??"]

1. e4 e5 2. Nf3 Nf6 3. g3 Nc6 4. Nc3 d6 5. h3 Bd7 6. Bg2 Qc8 7. d4 exd4 8. Nxd4
Be7 9. Nd5 Nxd5 10. exd5 Nxd4 11. Qxd4 O-O 12. c3 Bf6 13. Qd1 b5 14. a3 a5 15.
Be3 Re8 16. Qd2 Rb8 17. g4 h5 18. gxh5 b4 19. axb4 axb4 20. c4 c5 21. h6 gxh6
22. Bf3 Ra8 23. Ke2 Rxa1 24. Rxa1 Bxh3 25. Rg1+ Kh8 26. Kd1 Qf5 27. Ke2 Bg5 28.
Rg3 Bh4 29. Rg1 Bg5 30. Rg3 Bh4 31. Rg1 h5 32. Qd3 Qf6 33. Rh1 Bg4 34. Bxg4
hxg4 35. Kf1 Kg8 36. Qe2 Re5 37. Qxg4+ Bg5 38. Qc8+ Qd8 39. Qh3 Bxe3 40. Qh8#
1-0

[Event "Air Force ch"]
[Site "?"]
[Date "1988.??.??"]
[Round "4"]
[White "Moore, B."]
[Black "Barcarola, L."]
[Result "0-1"]
[WhiteElo "2270"]
[BlackElo "2155"]
[PlyCount "80"]
[EventDate "1988.??.??"]

1. e4 c5 2. d4 cxd4 3. c3 dxc3 4. Nxc3 Nc6 5. Nf3 e6 6. Bc4 a6 7. O-O b5 8. Bb3
Bc5 9. Bf4 Nge7 10. e5 Ng6 11. Bg3 O-O 12. Ne4 Be7 13. Qe2 Bb7 14. Rfd1 Na5 15.
Bc2 Bc6 16. Nd4 Qb6 17. Qh5 Rac8 18. Ng5 Bxg5 19. Qxg5 Bd5 20. Rac1 Rc4 21. Nf5
exf5 22. Rxd5 Rfc8 23. Qxf5 Qe6 24. Qxe6 fxe6 25. Rd2 Nc6 26. b3 Rc3 27. Rxd7
Nb4 28. h4 Rxc2 29. Rxc2 Rxc2 30. h5 Nf8 31. Rb7 Rxa2 32. Bh4 Nd5 33. h6 gxh6
34. Bf6 Nxf6 35. exf6 Ng6 36. Rg7+ Kf8 37. Rxh7 Rb2 38. Rxh6 Kf7 39. Rh7+ Kxf6
40. Ra7 Ra2 0-1

[Event "1991 Armed Forces Ch"]
[Site "?"]
[Date "1991.??.??"]
[Round "4"]
[White "McQueen, R."]
[Black "Hughes, A."]
[Result "1-0"]
[WhiteElo "1875"]
[BlackElo "2085"]
[PlyCount "80"]
[EventDate "1991.??.??"]

1. d4 Nf6 2. c4 g6 3. Nf3 Bg7 4. g3 c6 5. Bg2 d5 6. Nbd2 O-O 7. O-O Bf5 8. b3
Ne4 9. Bb2 Nd7 10. Nh4 Nxd2 11. Qxd2 Be6 12. Rac1 Nf6 13. Rfd1 Qd7 14. Nf3 Ne4
15. Qe3 Nd6 16. Ne5 Qd8 17. cxd5 cxd5 18. Rc5 Rc8 19. Rdc1 Rxc5 20. dxc5 Nf5
21. Qd2 Qb8 22. Nf3 f6 23. e3 Bf7 24. Nd4 Nxd4 25. exd4 Rd8 26. b4 e5 27. a4
Bf8 28. Re1 e4 29. Rb1 Qc8 30. Bc1 g5 31. Rb3 Re8 32. Qe2 Bg7 33. Be3 f5 34.
Qd1 h6 35. b5 Re7 36. Ra3 Kh7 37. Rc3 Rc7 38. h4 gxh4 39. Bf4 hxg3 40. Bxg3 Re7
{Time Forfeit} 1-0

[Event "Air Force ch"]
[Site "?"]
[Date "1987.??.??"]
[Round "11"]
[White "McCalmont, J."]
[Black "Vitko, G."]
[Result "1/2-1/2"]
[WhiteElo "2155"]
[BlackElo "2185"]
[PlyCount "80"]
[EventDate "1987.??.??"]

1. c4 Nf6 2. Nc3 e6 3. d4 Bb4 4. e3 b6 5. Bd3 Bb7 6. Nf3 Ne4 7. Qc2 f5 8. a3
Bxc3+ 9. bxc3 O-O 10. O-O d6 11. Nd2 Qh4 12. f3 Nxd2 13. Bxd2 Nd7 14. Be1 Qe7
15. e4 fxe4 16. Bxe4 Bxe4 17. Qxe4 Nf6 18. Bh4 Qd7 19. Bxf6 gxf6 20. f4 Rae8
21. Rfe1 Rf7 22. Re3 Qa4 23. Qd3 Qb3 24. Qe2 Rfe7 25. a4 a5 26. Qa2 Qxa2 27.
Rxa2 Kf7 28. Rae2 Rg8 29. Kf2 Rc8 30. Kf3 Rd8 31. g4 Rde8 32. h4 h6 33. Re1 Rd8
34. R1e2 Rde8 35. Re1 d5 36. cxd5 exd5 37. Rxe7+ Rxe7 38. Rxe7+ Kxe7 39. Ke3 c6
40. Kd3 Ke6 1/2-1/2

[Event "1991 Armed Forces Ch"]
[Site "?"]
[Date "1991.??.??"]
[Round "2"]
[White "Lacno, D."]
[Black "Waldowski, P."]
[Result "1-0"]
[WhiteElo "2065"]
[BlackElo "2180"]
[PlyCount "79"]
[EventDate "1991.??.??"]

1. e4 c5 2. Nf3 Nc6 3. d4 cxd4 4. Nxd4 Nf6 5. Nc3 e5 6. Nf3 Bb4 7. Bc4 O-O 8.
Qd3 d5 9. Bxd5 Nxd5 10. Qxd5 Qc7 11. O-O Be6 12. Qd3 Bxc3 13. Qxc3 Rac8 14. Be3
f6 15. h3 Qf7 16. Bc5 Rfe8 17. Qe3 b6 18. Ba3 Kh8 19. b3 Qh5 20. c3 g5 21. Nh2
Rg8 22. g4 Qf7 23. Rad1 h5 24. Qf3 Rg7 25. Rd3 Rcg8 26. Rfd1 Rh7 27. Kg2 Kg7
28. R1d2 Rgh8 29. Qd1 Kg6 30. Rd7 Bxd7 31. Rxd7 Qe6 32. Rd6 Qc8 33. Qf3 Rf7 34.
gxh5+ Kg7 35. Ng4 Rhf8 36. Rxc6 Qxc6 37. Qf5 Qd7 38. Bxf8+ Kxf8 39. Qg6 Ke7 40.
h6 1-0

[Event "1991 Armed Forces Ch"]
[Site "?"]
[Date "1991.??.??"]
[Round "2"]
[White "Hampel, R."]
[Black "Smithwick, J."]
[Result "0-1"]
[WhiteElo "2135"]
[BlackElo "2170"]
[PlyCount "80"]
[EventDate "1991.??.??"]

1. e4 g6 2. d4 Bg7 3. Nc3 d6 4. Nf3 c6 5. Bf4 Bg4 6. Qd2 Bxf3 7. gxf3 Nd7 8.
O-O-O b5 9. Be3 a6 10. f4 Nb6 11. Kb1 Nf6 12. Bd3 Nfd7 13. Rdg1 c5 14. dxc5
Nxc5 15. f5 Nca4 16. Nd1 Qc7 17. fxg6 hxg6 18. h4 Nc4 19. Bxc4 bxc4 20. Qb4
Nxb2 21. Bb6 Rb8 22. Bxc7 Rxb4 23. Nxb2 Bxb2 24. Ba5 Rb7 25. Be1 Kd7 26. c3
Rhb8 27. Kc2 Ba3 28. Bd2 Rb2+ 29. Kd1 Rxa2 30. Ke2 Rbb2 31. Rd1 Rc2 32. Ke1 Bc5
33. Rh2 a5 34. f3 a4 35. Re2 a3 36. Rc1 Rcb2 37. Rd1 Rb3 38. Kf1 Rab2 39. Bc1
Rxe2 40. Kxe2 a2 0-1

[Event "Air Force ch"]
[Site "?"]
[Date "1992.??.??"]
[Round "6"]
[White "Garcia, M."]
[Black "Smith, B."]
[Result "1-0"]
[WhiteElo "1960"]
[BlackElo "1815"]
[PlyCount "80"]
[EventDate "1992.??.??"]

1. d4 Nf6 2. c4 e6 3. Nf3 b6 4. g3 Bb7 5. Bg2 Be7 6. Nc3 O-O 7. O-O Ne4 8. Bd2
Nxd2 9. Qxd2 Na6 10. d5 Bb4 11. Rad1 Nc5 12. Qc2 Bxc3 13. Qxc3 d6 14. Qc2 a5
15. h4 h6 16. Nd4 e5 17. Nf5 Bc8 18. e4 Kh7 19. Ne3 Bd7 20. b3 Qc8 21. Kh2 b5
22. cxb5 Bxb5 23. Rfe1 Qa6 24. Nc4 Bd7 25. Nxe5 dxe5 26. Qxc5 Qd6 27. Rc1 Rfc8
28. Bh3 Bxh3 29. Kxh3 Qd7+ 30. Kg2 Ra6 31. Rc4 f5 32. exf5 Qxf5 33. Rce4 Rf6
34. Rxe5 Qf3+ 35. Kg1 Rcf8 36. R1e2 Qg4 37. Qc2+ Kh8 38. Re6 Rf5 39. Qe4 Rf4
40. Qe5 R4f5 1-0

[Event "Air Force ch"]
[Site "?"]
[Date "1992.??.??"]
[Round "6"]
[White "Echaure, S."]
[Black "Wall, B."]
[Result "1-0"]
[WhiteElo "2075"]
[BlackElo "2030"]
[PlyCount "79"]
[EventDate "1992.??.??"]

1. Nf3 c5 2. Nc3 Nc6 3. e4 d6 4. d4 cxd4 5. Nxd4 a6 6. Be2 Qc7 7. O-O e6 8. Be3
Nf6 9. Rc1 Be7 10. Nb3 O-O 11. f4 b5 12. Bf3 Bb7 13. a3 Rac8 14. Qe1 Rfe8 15.
Qg3 Bf8 16. e5 dxe5 17. fxe5 Nd7 18. Bf4 Qb6+ 19. Kh1 Nd8 20. Ne4 Bxe4 21. Bxe4
g6 22. Rcd1 Qc7 23. Bd3 Bg7 24. Rde1 Nc6 25. a4 bxa4 26. Nd2 Bxe5 27. Bxa6 Bxf4
28. Rxf4 Rb8 29. Ne4 Qa5 30. Bd3 Nce5 31. Ref1 Re7 32. Ng5 Rf8 33. Nxh7 Nxd3
34. cxd3 Kxh7 35. Qh4+ Kg8 36. Qxe7 Ne5 37. Rh4 Nxd3 38. Qf6 Nf2+ 39. Rxf2 Qe1+
40. Rf1 1-0

[Event "1990 Army ch"]
[Site "?"]
[Date "1990.??.??"]
[Round "1"]
[White "Crook, C."]
[Black "Beszczynski, T."]
[Result "0-1"]
[WhiteElo "1980"]
[BlackElo "1910"]
[PlyCount "80"]
[EventDate "1990.??.??"]

1. f4 e5 2. e4 Bc5 3. Nf3 d6 4. Bc4 Nf6 5. Nc3 Bg4 6. d3 Nc6 7. h3 Bxf3 8. Qxf3
Nd4 9. Qd1 Qe7 10. f5 h6 11. g4 Ng8 12. h4 c6 13. Rh3 O-O-O 14. Bb3 Kb8 15. Qd2
Nf3+ 16. Rxf3 Qxh4+ 17. Rf2 Bxf2+ 18. Qxf2 Qxf2+ 19. Kxf2 Nf6 20. g5 hxg5 21.
Bxg5 Rh5 22. Bxf6 gxf6 23. Bxf7 Rh2+ 24. Ke3 Rxc2 25. Rg1 Rh8 26. Rg8+ Rxg8 27.
Bxg8 Rxb2 28. Nd1 Rg2 29. Be6 b5 30. Nf2 Rg3+ 31. Kd2 a5 32. Nd1 Kc7 33. Nb2
Kb6 34. Kc3 Kc5 35. a4 b4+ 36. Kc2 d5 37. exd5 cxd5 38. Bd7 Kd4 39. Bc6 e4 40.
dxe4 dxe4 0-1

[Event "1990 Armed Forces ch"]
[Site "?"]
[Date "1990.??.??"]
[Round "3"]
[White "Beszczynski, T."]
[Black "Thrasher, C."]
[Result "1/2-1/2"]
[WhiteElo "1910"]
[BlackElo "2015"]
[PlyCount "79"]
[EventDate "1990.??.??"]

1. Nf3 g6 2. d4 Bg7 3. c4 d6 4. g3 Nd7 5. Bg2 Ngf6 6. Nc3 O-O 7. O-O Nb6 8. Qd3
c6 9. Rd1 d5 10. Ne5 dxc4 11. Nxc4 Nbd5 12. e4 Nxc3 13. bxc3 Nd7 14. Rb1 b5 15.
Ne3 a6 16. Ba3 Re8 17. Qc2 Bb7 18. c4 Qa5 19. Bb4 Qb6 20. c5 Qc7 21. d5 a5 22.
Bc3 Bxc3 23. Qxc3 b4 24. d6 Qb8 25. Qc2 Qa7 26. Rbc1 Rad8 27. Bh3 Bc8 28. Nd5
cxd5 29. c6 Ne5 30. Bxc8 Rxc8 31. d7 Nxd7 32. cxd7 Qxd7 33. Qd3 Rxc1 34. Rxc1
Rd8 35. Rc5 dxe4 36. Qxe4 Qh3 37. Qf3 a4 38. Rc4 b3 39. axb3 axb3 40. Qxb3
1/2-1/2

[Event "Air Force ch"]
[Site "?"]
[Date "1988.??.??"]
[Round "3"]
[White "Barcarola, L."]
[Black "Wilson, A."]
[Result "1/2-1/2"]
[WhiteElo "2155"]
[BlackElo "2080"]
[PlyCount "79"]
[EventDate "1988.??.??"]

1. d4 Nf6 2. c4 c5 3. d5 g6 4. Nc3 d6 5. g3 Bg7 6. Bg2 O-O 7. Nf3 e6 8. O-O
exd5 9. cxd5 a6 10. a4 Re8 11. Re1 Nbd7 12. Bf4 Qc7 13. Qc2 Nh5 14. Bd2 Rb8 15.
e4 b5 16. axb5 axb5 17. Bf1 c4 18. Na2 Nc5 19. Nb4 Nb3 20. Ra3 Nxd2 21. Nxd2
Bb7 22. Na6 Bxa6 23. Rxa6 Qc5 24. Rc6 Qb4 25. b3 c3 26. Nf3 Rec8 27. Rxc8+ Rxc8
28. Ra1 Re8 29. Bd3 Nf6 30. Re1 Nd7 31. Kg2 Nc5 32. e5 dxe5 33. Ng5 Rd8 34. Rd1
Nxd3 35. Qxd3 h6 36. Ne4 f5 37. Nxc3 e4 38. Na2 exd3 39. Nxb4 Bf8 40. Nxd3
1/2-1/2

[Event "Air Force ch"]
[Site "?"]
[Date "1992.??.??"]
[Round "3"]
[White "Barcarola, L."]
[Black "Garcia, M."]
[Result "1-0"]
[WhiteElo "2100"]
[BlackElo "1960"]
[PlyCount "80"]
[EventDate "1992.??.??"]

1. e4 c6 2. d4 d5 3. exd5 cxd5 4. c4 Nf6 5. Nc3 Nc6 6. cxd5 Nxd5 7. Nf3 e6 8.
Bc4 Be7 9. O-O Nxc3 10. bxc3 O-O 11. Bf4 b6 12. Qe2 Bb7 13. Rfd1 Bf6 14. Rac1
Qe7 15. Bb3 Rfd8 16. Ne5 Nxe5 17. Bxe5 Bxe5 18. Qxe5 Qd6 19. Qg5 Rac8 20. h4 h6
21. Qg4 Qe7 22. Rd3 Qf6 23. Rcd1 Bd5 24. Rg3 b5 25. Rdd3 Bb7 26. h5 Rc7 27. Kh2
Rcd7 28. Rde3 Kf8 29. d5 Bxd5 30. Bxd5 Rxd5 31. Ref3 Rf5 32. Rxf5 exf5 33. Qb4+
Qd6 34. Qxb5 f4 35. Rf3 Qd5 36. Qb4+ Kg8 37. Qxf4 Qxh5+ 38. Rh3 Qd5 39. Qg4
Qxa2 40. Rg3 g6 {Black lost on time} 1-0

[Event "1990 Armed Forces ch"]
[Site "?"]
[Date "1990.??.??"]
[Round "2"]
[White "Balares, J."]
[Black "Langreck, J."]
[Result "1/2-1/2"]
[WhiteElo "2150"]
[BlackElo "1925"]
[PlyCount "80"]
[EventDate "1990.??.??"]

1. e4 c6 2. d4 d5 3. exd5 cxd5 4. c4 Nf6 5. c5 e5 6. Nc3 exd4 7. Qxd4 Nc6 8.
Bb5 Be7 9. Nge2 O-O 10. Bxc6 bxc6 11. O-O Nd7 12. b4 a5 13. Ba3 Bf6 14. Qd2 Ne5
15. Rab1 Nc4 16. Qc1 Bf5 17. Ra1 Qb8 18. b5 Bd3 19. Re1 Bxe2 20. Rxe2 Nxa3 21.
Qxa3 cxb5 22. Qc1 Rd8 23. Rb1 b4 24. Na4 Qb5 25. Qd1 Rac8 26. g3 d4 27. Rd2 d3
28. Qb3 Bd4 29. Rbd1 Bxc5 30. Nb2 Bb6 31. Nxd3 Qc4 32. Qb1 g6 33. Ne5 Qc5 34.
Rxd8+ Rxd8 35. Rxd8+ Bxd8 36. Qe4 Bb6 37. Qf4 Qc7 38. h4 f6 39. Qxf6 Bd4 40.
Qe6+ Kg7 1/2-1/2

[Event "Air Force ch"]
[Site "?"]
[Date "1988.??.??"]
[Round "6"]
[White "Vitko, G."]
[Black "Barcarola, L."]
[Result "1-0"]
[WhiteElo "2215"]
[BlackElo "2155"]
[PlyCount "81"]
[EventDate "1988.??.??"]

1. b3 e5 2. Bb2 Nc6 3. e3 Nf6 4. Bb5 d6 5. Ne2 a6 6. Bxc6+ bxc6 7. d4 e4 8. c4
d5 9. Nbc3 Be6 10. c5 Nh5 11. Ng3 Nxg3 12. hxg3 g6 13. Qd2 Bg7 14. O-O-O f5 15.
f3 Qe7 16. Kc2 Kd7 17. a3 h5 18. Na2 h4 19. gxh4 Rxh4 20. f4 Rah8 21. Rxh4 Qxh4
22. Nb4 Ra8 23. Qe2 a5 24. Na2 Ke7 25. Qe1 Qg4 26. Rd2 Bc8 27. a4 Kf7 28. Bc3
g5 29. g3 Bd7 30. Rh2 Kg6 31. Bxa5 Rxa5 32. Qxa5 Qxg3 33. Qd2 g4 34. a5 Bc8 35.
Nb4 Bb7 36. a6 Ba8 37. a7 Bxd4 38. exd4 e3 39. Qe2 Qxf4 40. Kc3 Qg3 41. Nc2 1-0

[Event "1990 Armed Forces ch"]
[Site "?"]
[Date "1990.??.??"]
[Round "6"]
[White "Thrasher, C."]
[Black "Regensberg, W."]
[Result "0-1"]
[WhiteElo "2015"]
[BlackElo "2125"]
[PlyCount "82"]
[EventDate "1990.??.??"]

1. e4 e6 2. b3 d5 3. e5 c5 4. d4 Nc6 5. dxc5 Bxc5 6. Nf3 Nge7 7. Bb2 Bd7 8. Bd3
Rc8 9. O-O Nb4 10. Nc3 a6 11. Qd2 Nxd3 12. Qxd3 Bb4 13. Rfc1 Qa5 14. Nd1 Bb5
15. Qe3 Nf5 16. Qf4 Be2 17. c3 Ba3 18. Bxa3 Qxa3 19. Nd4 Nxd4 20. Qxd4 Bxd1 21.
Qxd1 O-O 22. Rc2 Rc6 23. Rac1 Rfc8 24. Qd4 b5 25. Kf1 h6 26. g3 a5 27. Qd3 b4
28. cxb4 Qxc1+ 29. Rxc1 Rxc1+ 30. Kg2 axb4 31. Qb5 R1c2 32. Qxb4 Rxa2 33. Qe7
Rb2 34. Qa3 Rcc2 35. Qa8+ Kh7 36. Qa7 Kg6 37. Qd4 Rxf2+ 38. Qxf2 Rxf2+ 39. Kxf2
Kf5 40. Ke2 Kxe5 41. Kd3 Kd6 0-1

[Event "Air Force ch"]
[Site "?"]
[Date "1991.??.??"]
[Round "1"]
[White "Smith, B."]
[Black "Moore, B."]
[Result "0-1"]
[WhiteElo "1825"]
[BlackElo "2270"]
[PlyCount "81"]
[EventDate "1991.??.??"]

1. c4 g6 2. d4 Nf6 3. Nc3 Bg7 4. Nf3 O-O 5. e4 d6 6. Be2 Nbd7 7. Bg5 h6 8. Bf4
c5 9. d5 Qa5 10. O-O a6 11. Qc2 Ne8 12. Rac1 Rb8 13. a4 Ne5 14. Nxe5 dxe5 15.
Bd2 Bd7 16. f4 exf4 17. Bxf4 Rc8 18. e5 b5 19. axb5 axb5 20. e6 fxe6 21. Qxg6
Rf6 22. Qg3 bxc4 23. Bxc4 Qb4 24. b3 Kh8 25. Be5 Rxf1+ 26. Rxf1 Nf6 27. dxe6 $2
{Correct is 27.d6!} Bc6 28. Nd5 Bxd5 29. Bxd5 Rg8 30. Bc4 Qd2 31. Bxf6 Bxf6 32.
Qh3 Ra8 33. Qf5 Ra2 34. Qg6 Qe3+ 35. Kh1 Rd2 36. Qe8+ Kh7 37. Qf7+ Kh8 38. Rxf6
exf6 39. Qxf6+ Kh7 40. e7 Rd1+ 41. Bf1 {Time loss} 0-1

[Event "1991 Armed Forces Ch"]
[Site "?"]
[Date "1991.??.??"]
[Round "6"]
[White "Rea, A."]
[Black "Lane, P."]
[Result "0-1"]
[WhiteElo "2150"]
[BlackElo "2105"]
[PlyCount "82"]
[EventDate "1991.??.??"]

1. Nf3 g6 2. c4 Bg7 3. Nc3 Nf6 4. e4 d6 5. d4 O-O 6. Be2 Nbd7 7. h3 c6 8. Be3
e5 9. O-O Re8 10. d5 c5 11. Nh2 a6 12. a4 Qe7 13. Qc2 h6 14. a5 Nh7 15. Ra3
Ndf8 16. Bg4 Nd7 17. Qd2 h5 18. Be2 Rf8 19. Bh6 f5 20. exf5 gxf5 21. Bxg7 Qxg7
22. Bxh5 Ndf6 23. Be2 f4 24. Kh1 Kh8 25. Na4 Rg8 26. Rg1 Bf5 27. Qe1 Qh6 28. b4
cxb4 29. Qxb4 Ne4 30. Qe1 Qh4 31. Rf1 Nhf6 32. Nf3 Qh6 33. Ng1 Rg7 34. Bd1 Rag8
35. Bf3 Ng5 36. Bd1 e4 37. Qc3 f3 38. Nxf3 Nxf3 39. Bxf3 Bxh3 40. Bh5 Bxg2+ 41.
Kg1 Bf3+ 0-1

[Event "1991 Armed Forces Ch"]
[Site "?"]
[Date "1991.??.??"]
[Round "2"]
[White "McCalmont, J."]
[Black "Regensberg, W."]
[Result "1-0"]
[WhiteElo "2140"]
[BlackElo "2170"]
[PlyCount "81"]
[EventDate "1991.??.??"]

1. d4 e6 2. c4 d5 3. Nc3 Be7 4. cxd5 exd5 5. Bf4 Nf6 6. e3 O-O 7. Bd3 c5 8. Rc1
Nc6 9. Nge2 Re8 10. h3 Be6 11. O-O Rc8 12. dxc5 Bxc5 13. Nb5 Qe7 14. a3 Red8
15. Nbd4 Ne4 16. Bb1 g6 17. Qd3 Bb6 18. b4 Qf6 19. f3 Nxd4 20. exd4 Nd6 21. g4
Rc4 22. Be5 Qxe5 23. f4 Qg7 24. Kh1 Rdc8 25. Rcd1 Ne4 26. f5 Bd7 27. Ba2 Rc2
28. Bxd5 Rxe2 29. Bxe4 Rxe4 30. Qxe4 Re8 31. Qg2 Bb5 32. Rfe1 Qf8 33. d5 Qd6
34. Rxe8+ Bxe8 35. Rc1 Bd7 36. Rf1 Bd8 37. Qf3 Bc7 38. Rf2 Bb6 39. fxg6 hxg6
40. Qxf7+ Kh8 41. Rf6 1-0

[Event "1991 Armed Forces Ch"]
[Site "?"]
[Date "1991.??.??"]
[Round "9"]
[White "McCalmont, J."]
[Black "Hughes, A."]
[Result "1-0"]
[WhiteElo "2140"]
[BlackElo "2085"]
[PlyCount "81"]
[EventDate "1991.??.??"]

1. d4 Nf6 2. c4 c5 3. Nf3 g6 4. Nc3 cxd4 5. Nxd4 Bg7 6. e4 d6 7. Be2 Nc6 8. Be3
O-O 9. O-O Bd7 10. Rc1 Rc8 11. b3 a6 12. f3 Qa5 13. Qd2 Rfe8 14. Rfd1 b5 15.
Nxc6 Bxc6 16. cxb5 axb5 17. Nxb5 Qxd2 18. Rxd2 Bxb5 19. Rxc8 Rxc8 20. Bxb5 Rc1+
21. Kf2 Rh1 22. Bb6 Nh5 23. a4 Be5 24. Ra2 Bxh2 25. a5 Rb1 26. Bc4 e6 27. Ke3
d5 28. exd5 exd5 29. Bxd5 Nf6 30. Bc4 Nd7 31. Bd8 Bg1+ 32. Kd2 Ba7 33. Kc3 Bc5
34. Re2 Kf8 35. f4 h5 36. Bb5 Nb8 37. Bf6 Nc6 38. Bxc6 Rc1+ 39. Kb2 Ba3+ 40.
Kxa3 Rxc6 41. Bb2 1-0

[Event "Air Force ch"]
[Site "?"]
[Date "1992.??.??"]
[Round "7"]
[White "McCalmont, J."]
[Black "Garcia, M."]
[Result "1-0"]
[WhiteElo "2185"]
[BlackElo "1960"]
[PlyCount "81"]
[EventDate "1992.??.??"]

1. d4 d5 2. c4 c6 3. Nc3 Nf6 4. Bg5 Qa5 5. cxd5 Nxd5 6. Qd2 Nxc3 7. bxc3 Bf5 8.
Nf3 h6 9. Bf4 Nd7 10. e3 Be4 11. Be2 Nf6 12. c4 Qxd2+ 13. Kxd2 e6 14. Kc3 c5
15. Bd3 cxd4+ 16. exd4 Bxf3 17. gxf3 Rd8 18. Be4 Nxe4+ 19. fxe4 Bd6 20. Bxd6
Rxd6 21. c5 Rd7 22. Kc4 O-O 23. Rhd1 Rc8 24. Kb5 Kf8 25. d5 Ke8 26. a4 Rdc7 27.
Rac1 Kd7 28. a5 exd5 29. exd5 b6 30. c6+ Kd6 31. axb6 axb6 32. Ra1 Re8 33. Ra2
g5 34. Ra3 Re2 35. Rf3 Rb2+ 36. Kc4 Rc2+ 37. Kd4 Ra2 38. Rf6+ Ke7 39. d6+ Kxf6
40. dxc7 Ra8 41. Kd5 1-0